Normal view
MARC view
- Noori, Dr. Muhammad Fakhar ul Haq
Entry Personal Name
001 - CONTROL NUMBER
- control field: 13179
003 - CONTROL NUMBER IDENTIFIER
- control field: NUST
005 - DATE AND TIME OF LATEST TRANSACTION
- control field: 20190125101910.0
008 - FIXED-LENGTH DATA ELEMENTS
- fixed length control field: 190125|| aca||aabn | a|a d
040 ## - CATALOGING SOURCE
- Original cataloging agency: NUST
- Transcribing agency: NUST
100 ## - HEADING--PERSONAL NAME
- Personal name: Noori, Dr. Muhammad Fakhar ul Haq
670 ## - SOURCE DATA FOUND
- Source citation: Work cat.: (NUST): Noori, Dr. Muhammad Fakhar ul Haq, Mutalia -e- Rashid /, 2010.
